00334nam a2200145Ia 4500008004100000020001700041050001400058100002100072245001500093245002400108260001500132260001600147260000900163300001600172170918s9999 xx 000 0 und d a978054583975 bF228 2015 aFaris, Stephanie a25 roses / cby Stephanie Faris. aNew York : bScholastic, c2015 a209 pages :